[Event "ONJK 2017 FGH Combined"]
[Site "Borne"]
[Date "2017.08.11"]
[Round "6.2"]
[White "Westerhof, Joep"]
[Black "De Jong, Quint"]
[Result "0-1"]
[WhiteElo "749"]
[BlackElo "892"]
[PlyCount "132"]
[EventDate "2017.08.10"]

1. e4 c5 2. Nf3 e6 3. Bc4 Be7 4. Nc3 a6 5. d3 b5 6. Bb3 Bb7 7. Bd2 Nc6 8. O-O
Nf6 9. Re1 d5 10. exd5 exd5 11. Bxd5 Nxd5 12. Qe2 Nxc3 13. Bxc3 O-O 14. Qd2 Qd5
15. Qf4 Bd6 16. Qg4 f6 17. Nh4 Qg5 18. Qe6+ Kh8 19. Nf3 Qf4 20. Re4 Nd8 21.
Rxf4 Nxe6 22. Rg4 Bxf3 23. gxf3 Rad8 24. Re1 Ng5 25. f4 Nf3+ 26. Kf1 Nxh2+ 27.
Kg2 Nxg4 28. f3 Nh6 29. Ba5 Rde8 30. Bc3 b4 31. Bd2 Rxe1 32. Bxe1 Bxf4 33. c3
Bc1 34. cxb4 cxb4 35. Bxb4 Rb8 36. Ba3 Bxb2 37. Bc5 Kg8 38. d4 Kf7 39. d5 Rb5
40. Bf2 Rxd5 41. Kg3 Nf5+ 42. Kg4 Rd2 43. Bb6 Nh6+ 44. Kf4 Be5+ 45. Ke4 Rxa2
46. Kd3 a5 47. Kc4 a4 48. Kb4 Ra1 49. Bc5 a3 50. Kb3 a2 51. Ba3 Nf5 52. Bb2
Bxb2 53. Kxb2 h5 54. Kxa1 h4 55. Kxa2 h3 56. Kb3 h2 57. Kc3 h1=Q 58. Kd3 Qxf3+
59. Kc4 Ke6 60. Kc5 Qd3 61. Kc6 Qc4+ 62. Kb6 Kd6 63. Kb7 Qb5+ 64. Kc8 Qd7+ 65.
Kb8 Kc6 66. Ka8 Qb7# 0-1

[Event "ONJK 2017 FGH Combined"]
[Site "Borne"]
[Date "2017.08.12"]
[Round "7.1"]
[White "Smeets, Kobe"]
[Black "De Jong, Quint"]
[Result "1-0"]
[WhiteElo "945"]
[BlackElo "892"]
[PlyCount "95"]
[EventDate "2017.08.10"]

1. d4 d5 2. c4 e6 3. Nf3 Nf6 4. Nc3 b6 5. Bf4 Bb7 6. e3 Nbd7 7. Bd3 Bb4 8. O-O
O-O 9. Qc2 c5 10. a3 Bxc3 11. Qxc3 Qe7 12. Ne5 Nxe5 13. Bxe5 Ne4 14. Bxe4 dxe4
15. dxc5 f6 16. Bd6 Qd7 17. Bxf8 Rxf8 18. Rad1 Qc6 19. cxb6 axb6 20. Rd2 Qc7
21. Rfd1 e5 22. Rd7 Qc8 23. Qb3 Ba6 24. c5+ Kh8 25. Qxb6 h5 26. Qd6 Kh7 27. Qc7
Rg8 28. Qxc8 Rxc8 29. b4 Kg6 30. Ra7 Bb5 31. a4 Bc4 32. h4 Rb8 33. b5 Kh6 34.
c6 g5 35. hxg5+ Kxg5 36. c7 Rg8 37. Rd8 Rg7 38. c8=Q Rxa7 39. Qxc4 Kh4 40. g3+
Kh3 41. Qf1+ Kg4 42. Rg8+ Kf3 43. Qg2+ Ke2 44. Qxe4 f5 45. Qxf5 Rxa4 46. Qc2+
Kf3 47. Qxa4 e4 48. Qd1# 1-0

[Event "ONJK 2017 FGH Combined"]
[Site "Borne"]
[Date "2017.08.12"]
[Round "7.2"]
[White "Van Arendonk, Polle"]
[Black "Kazarjan, Gachatur"]
[Result "1-0"]
[WhiteElo "1050"]
[BlackElo "870"]
[PlyCount "155"]
[EventDate "2017.08.10"]

1. e4 e5 2. Nf3 Nc6 3. d4 exd4 4. Nxd4 Nf6 5. Nxc6 bxc6 6. Bd3 Bc5 7. O-O O-O
8. Bg5 h6 9. Bh4 Be7 10. Bg3 d5 11. exd5 cxd5 12. Nd2 Bg4 13. Be2 Bxe2 14. Qxe2
Re8 15. Qd3 Bb4 16. c3 Bd6 17. Rfe1 Qd7 18. Bxd6 Qxd6 19. Re3 Rxe3 20. Qxe3 Ng4
21. Qh3 Qf4 22. Nf3 Rb8 23. b4 c5 24. a3 c4 25. Qh4 Qe4 26. Re1 Qg6 27. Qg3 Ra8
28. h3 Nf6 29. Qxg6 fxg6 30. Nd4 Re8 31. Rxe8+ Nxe8 32. Nc6 Nd6 33. Nxa7 Ne4
34. Nb5 d4 35. Nxd4 Nxc3 36. Nc2 Kf7 37. Kf1 Ke6 38. Ke1 Kd6 39. Kd2 Ne4+ 40.
Ke3 Nf6 41. Kd4 c3 42. Kxc3 Ne4+ 43. Kc4 Nxf2 44. b5 Ne4 45. a4 Kc7 46. Nd4
Nd6+ 47. Kd5 g5 48. Ne6+ Kd7 49. Nxg7 Nc8 50. a5 Kc7 51. Ne6+ Kb7 52. Kc5 Na7
53. Nd8+ Kc8 54. Nc6 Nxc6 55. Kxc6 h5 56. g3 Kd8 57. Kb7 Ke7 58. a6 Ke6 59. a7
Ke5 60. a8=R Ke4 61. Rh8 Kf3 62. Rxh5 Kxg3 63. Rxg5+ Kxh3 64. Kc6 Kh4 65. Rg1
Kh3 66. Kd5 Kh2 67. Rg6 Kh3 68. Ke5 Kh4 69. Kf5 Kh5 70. Kf6 Kh4 71. Rg5 Kh3 72.
Kf5 Kh2 73. Kf4 Kh3 74. Rg4 Kh2 75. Rg3 Kh1 76. Kf3 Kh2 77. Kf2 Kh1 78. Rh3#
1-0

[Event "ONJK 2017 FGH Combined"]
[Site "Borne"]
[Date "2017.08.12"]
[Round "8.1"]
[White "Smeets, Kobe"]
[Black "Van Arendonk, Polle"]
[Result "1/2-1/2"]
[WhiteElo "945"]
[BlackElo "1050"]
[PlyCount "29"]
[EventDate "2017.08.10"]

1. d4 e6 2. c4 d5 3. e3 Nf6 4. a3 Be7 5. Nc3 O-O 6. Bd3 b6 7. Nge2 Bb7 8. O-O
Nbd7 9. b4 Rb8 10. Bb2 c5 11. b5 Qc7 12. Qb3 Bd6 13. Ng3 Rfe8 14. Rac1 Rbc8 15.
Nce2 1/2-1/2

[Event "ONJK 2017 FGH Combined"]
[Site "Borne"]
[Date "2017.08.12"]
[Round "8.2"]
[White "Kazarjan, Gachatur"]
[Black "Froeyman, Hugo"]
[Result "0-1"]
[WhiteElo "870"]
[BlackElo "1000"]
[PlyCount "144"]
[EventDate "2017.08.10"]

1. e4 c6 2. d4 d5 3. e5 Bf5 4. Nc3 e6 5. Nf3 Bb4 6. Bd2 Ne7 7. a3 Ba5 8. Bg5 h6
9. Bf4 O-O 10. Bd3 Bxd3 11. Qxd3 Nd7 12. O-O Nb6 13. b4 Nc4 14. bxa5 Qxa5 15.
Nd2 Nxd2 16. Bxd2 Qc7 17. Ne2 b6 18. Bb4 c5 19. Bc3 c4 20. Qg3 Nf5 21. Qg4 a5
22. Ng3 Ne7 23. Nh5 Ng6 24. Bd2 Qe7 25. Nf4 Nxf4 26. Bxf4 Kh8 27. h3 b5 28. c3
Rfb8 29. Rfb1 Qd8 30. Qh5 Qe7 31. h4 Rb7 32. Bg5 Qe8 33. Bf4 Rab8 34. Ra2 Qf8
35. Bc1 Kh7 36. Rab2 Qxa3 37. Rxb5 Qe7 38. Bg5 Qd7 39. Rxb7 Rxb7 40. Rxb7 Qxb7
41. Bd2 Qb1+ 42. Kh2 a4 43. Qxf7 a3 44. Qxe6 Qg6 45. Qxd5 a2 46. Qa5 Qb1 47. e6
a1=Q 48. Qxa1 Qxa1 49. d5 Qa8 50. d6 Qd8 51. Bf4 Qxh4+ 52. Kg1 Kg8 53. g3 Qf6
54. e7 Kf7 55. Kg2 g5 56. Be3 Qxd6 57. Bd4 Qc6+ 58. Kh3 Kxe7 59. Be3 Qe6+ 60.
Kh2 g4 61. Bd4 Qg6 62. Kg1 Qb1+ 63. Kg2 Qe4+ 64. Kg1 Kd6 65. Kf1 Qd3+ 66. Kg2
Kd5 67. Kg1 Ke4 68. Kg2 Qf3+ 69. Kg1 Qd3 70. Kg2 Qe2 71. Kg1 Kf3 72. Kh2 Qf1
0-1

[Event "ONJK 2017 FGH Combined"]
[Site "Borne"]
[Date "2017.08.12"]
[Round "9.1"]
[White "Mainka, Ingmar"]
[Black "Smeets, Kobe"]
[Result "0-1"]
[WhiteElo "1318"]
[BlackElo "945"]
[PlyCount "58"]
[EventDate "2017.08.10"]

1. e4 c5 2. Nf3 d6 3. d4 cxd4 4. Nxd4 e5 5. Nf3 Nf6 6. Nc3 a6 7. Bg5 Be6 8. Bd3
h6 9. Bh4 Be7 10. Qe2 Nc6 11. Bc4 Bxc4 12. Qxc4 O-O 13. O-O Rb8 14. Rab1 Nd7
15. Bxe7 Qxe7 16. Rfd1 Nc5 17. Rd2 Rbc8 18. Nd5 Qd8 19. Nc3 Ne6 20. Rbd1 Ncd4
21. Qd3 Nf4 22. Qe3 Nfe6 23. Nd5 Rxc2 24. h3 Qa5 25. Rxc2 Nxc2 26. Qb3 Ncd4 27.
Nxd4 Nxd4 28. Qxb7 Qxa2 29. Rd3 Qb1+ 0-1

[Event "ONJK 2017 FGH Combined"]
[Site "Borne"]
[Date "2017.08.12"]
[Round "9.2"]
[White "Froeyman, Hugo"]
[Black "Van Arendonk, Polle"]
[Result "0-1"]
[WhiteElo "1000"]
[BlackElo "1050"]
[PlyCount "162"]
[EventDate "2017.08.10"]

1. e4 e6 2. d4 d5 3. exd5 exd5 4. Nf3 Nf6 5. Bb5+ c6 6. Ba4 Be7 7. O-O O-O 8.
h3 Bf5 9. Bf4 Bd6 10. Bxd6 Qxd6 11. Bb3 Nbd7 12. c4 dxc4 13. Bxc4 Rad8 14. Nc3
Be6 15. Bb3 Rfe8 16. Qd3 Nc5 17. Qd1 Nxb3 18. axb3 a6 19. Qc2 Qb4 20. Ra3 h6
21. Re1 Nd5 22. Nxd5 Bxd5 23. Ne5 Qxd4 24. Ra4 Qb6 25. Rf4 Bxb3 26. Qc3 Bd5 27.
Nd3 Rxe1+ 28. Qxe1 Be6 29. Qe2 Qb5 30. Rf3 Re8 31. Qe3 Qg5 32. Nf4 Qe7 33. Qc3
Bd5 34. Rg3 Qe1+ 35. Qxe1 Rxe1+ 36. Kh2 Rb1 37. Rd3 Rxb2 38. Kg3 Rb3 39. Rxb3
Bxb3 40. Nd3 Be6 41. Kf4 Kf8 42. Ke5 Ke7 43. Kd4 Kd6 44. f4 b6 45. g4 c5+ 46.
Kc3 f6 47. f5 Bf7 48. Nf4 Ke5 49. Nd3+ Ke4 50. Kd2 Kd4 51. Nf4 Ke5 52. Nd3+ Kd6
53. Nf4 b5 54. Kc3 a5 55. Nd3 c4 56. Nb2 Kc5 57. h4 b4+ 58. Kc2 Kb5 59. h5 a4
60. Kb1 c3 61. Nd1 a3 62. Kc2 a2 63. g5 a1=R 64. Nxc3+ bxc3 65. g6 Bb3+ 66.
Kxb3 c2 67. Kxc2 Ra3 68. Kb2 Kb4 69. Kc2 Rb3 70. Kd2 Rc3 71. Ke2 Kc4 72. Kf2
Kd4 73. Ke2 Rd3 74. Kf2 Re3 75. Kg2 Ke4 76. Kf2 Kf4 77. Kg2 Rf3 78. Kh2 Rg3 79.
Kh1 Kf3 80. Kh2 Kf2 81. Kh1 Rh3# 0-1